000 00423nam a2200205Ia 4500
001 12441
003 GE_BSU
008 181216s||||||||xx |||||||||||||| ||und||
020 _a075282628X
040 _cGE_BSU
080 _a821.111-312.4
100 _aRankin,Tan.
245 _aDead Souls.
260 _aLondon.
260 _bOrion.
260 _c1999
300 _a482p.18cm.
653 _aDead Souls.
942 _cBK
999 _c45615
_d45615